Шифртелеграмма полпреда СССР в США К. А. Уманского в НКИД СССР о беседе с президентом США Ф. Рузвельтом при вручении ему верител...

RUSMARC
00003829cam0a2200265#x 450
001344dbaf9-5e33-4ff6-b487-519afa01b5cb
00520200416132430.0
100##$a20200407j19390607k###0rusy50 ca
1010#$arus
102##$aUS
1220#$ad19390607##
2001#$aШифртелеграмма полпреда СССР в США К. А. Уманского в НКИД СССР о беседе с президентом США Ф. Рузвельтом при вручении ему верительных грамот
$j7 июня 1939 г.
251##$cДокумент
300##$aЗаверенная копия
461#0$12001
$aФ. 059
$1251
$cФонд
$1852
$j059
462#0$12001
$aОп. 1. П. 296
$1251
$cОпись
$1852
$j1. П. 296
462#0$12001
$aД. 2049
$vЛ. 18-19
$1251
$cДело
$1852
$j2049
605##$aВторая мировая война в архивных документах (Комплекс оцифрованных архивных документов, кино- и фотоматериалов)
$lколлекция
$2prlib_sh
$3LIBNET\UAF\0000088514
617##$2prlib_sh
$aСССР
$f1939
617##$2prlib_sh
$aСША
$f1939
801#0$aRU
$bПБ им. Б.Н. Ельцина
$c20200407
801#1$aRU
$bПБ им. Б.Н. Ельцина
$c20200407
$2rusmarc
801#2$aRU
$bПБ им. Б.Н. Ельцина
$c20200416
$2rusmarc
850##$aАрхив внешней политики Российской Федерации
852##$aАВП РФ
$jЛ. 18-19
035##$aLIBNET\0001068605
937##$d144049499
$hАрхив внешней политики Российской Федерации
8564#$uhttp://readingroom.main.prlib.ru/item.aspx?id_node=n144049499&mode=full
Формат отображения